Alfonso Cuarón Movies Quiz - Statistics

General Stats
  • This quiz has been taken 130 times
    68 since last reset
  • The average score is 4 of 7
Answer Stats
Year Description Movie % Correct
2013 Scientist is trapped in space after her space shuttle is destroyed by space debris Gravity
92%
2018 Life of a live-in indigenous housekeeper in 1970s Mexico City Roma
82%
2006 In a world where no new children are being born, a pregnant woman must be protected Children of Men
78%
2004 Escapee turns out to be the godfather of The Boy Who Lived Harry Potter and the Prisoner of Azkaban
75%
2001 In Mexico, a beautiful woman goes on road trip to a beach withtwo horny teenage boys Y Tu Mamá También
65%
1998 Orphan wants to win his teenage love interest in the 90s New York City.A modern adaptation of a Charles Dickens novel Great Expectations
27%
1995 Girl is sent to a strict boarding school after her father enlists in WWI A Little Princess
24%
No matching quizzes found
Score Distribution
Percent of People with Each Score
Percentile by Number Answered
Your Score History
You have not taken this quiz since the last reset